[Event "LI Festival A"]
[Site "Imperia ITA"]
[Date "2009.09.05"]
[Round "8"]
[White "Mazzetta, Renato"]
[Black "Faraci, Antonino"]
[WhiteElo "1911"]
[BlackElo "2009"]
[Result "0-1"]
[PlyCount "92"]
[EventDate "2009.08.30"]

1. e4 c5 2. Nc3 Nc6 3. g3 g6 4. Bg2 Bg7 5. d3 d6 6. h3 e5 7. Nge2 Be6 8. Nd5
Nce7 9. Nec3 Nxd5 10. Nxd5 Ne7 11. Bg5 Bxd5 12. exd5 f6 13. Bd2 O-O 14. O-O Qd7
15. Rb1 Rf7 16. b4 b6 17. bxc5 bxc5 18. Rb3 f5 19. f4 Nc8 20. Qb1 Nb6 21. c4
Re8 22. Ba5 exf4 23. gxf4 Nc8 24. Rb8 Bd4+ 25. Kh1 Rfe7 26. Re1 Rxe1+ 27. Bxe1
Qe7 28. Bd2 Qe2 29. Qc2 Qf2 30. Qd1 Kg7 31. Bf3 Be3 32. Bxe3 Rxe3 33. Rxc8 Re1+
34. Qxe1 Qxe1+ 35. Kg2 Qd2+ 36. Kg3 h5 37. h4 Qe1+ 38. Kh3 Qf2 39. Bg2 Qxf4 40.
Rc7+ Kf6 41. Rxa7 Qg4+ 42. Kh2 Qxh4+ 43. Kg1 f4 44. Rd7 Qe1+ 45. Kh2 Qg3+ 46.
Kh1 f3 0-1

[Event "LI Festival A"]
[Site "Imperia ITA"]
[Date "2009.09.05"]
[Round "8"]
[White "Molina, Fabrizio"]
[Black "Barletta, Mauro"]
[WhiteElo "2245"]
[BlackElo "2191"]
[Result "1-0"]
[PlyCount "131"]
[EventDate "2009.08.30"]

1. Nf3 d5 2. d4 Nc6 3. g3 Bg4 4. h3 Bf5 5. Bg2 Qd7 6. a3 O-O-O 7. Nc3 f6 8. Nh4
Be6 9. Na4 b6 10. Qd3 Nb8 11. Qb3 g5 12. Nf3 Bf5 13. Be3 Nh6 14. g4 Be6 15. Rc1
Nf7 16. Nd2 Nd6 17. Nc3 c6 18. Ncb1 h5 19. f3 Bf7 20. Qd3 Nc4 21. Nxc4 dxc4 22.
Qd2 hxg4 23. hxg4 Rxh1+ 24. Bxh1 Qc7 25. Bg1 e5 26. e3 exd4 27. exd4 Bd6 28.
Kf1 Rh8 29. Bg2 Bf4 30. Be3 c3 31. Qxc3 Bxe3 32. Qxe3 Re8 33. Qd3 Qg3 34. Nd2
b5 35. b3 Nd7 36. Ne4 Qf4 37. Re1 Nb6 38. Qc3 Kc7 39. Qc5 Bd5 40. Kg1 f5 41. c4
bxc4 42. bxc4 Bxe4 43. d5 Qd6 44. Qa5 Kb7 45. fxe4 Rxe4 46. dxc6+ Kb8 47. Bxe4
fxe4 48. Qc3 Qf4 49. Qh8+ Kc7 50. Qh2 Qxh2+ 51. Kxh2 Nxc4 52. Rxe4 Nxa3 53.
Re7+ Kxc6 54. Rxa7 Nc4 55. Rg7 Nd2 56. Kg2 Ne4 57. Kf3 Kd5 58. Ra7 Nc5 59. Ra5
Kd6 60. Rxc5 Kxc5 61. Ke4 Kd6 62. Kf5 Ke7 63. Kxg5 Kf7 64. Kh6 Kg8 65. g5 Kh8
66. g6 1-0

[Event "LI Festival A"]
[Site "Imperia ITA"]
[Date "2009.09.05"]
[Round "8"]
[White "Mozny, Milos"]
[Black "Quirico, Paolo"]
[WhiteElo "2370"]
[BlackElo "2095"]
[Result "1-0"]
[PlyCount "45"]
[EventDate "2009.08.30"]

1. d4 c5 2. c3 Nf6 3. Nf3 d5 4. Bf4 Nc6 5. e3 Qb6 6. b3 Bf5 7. Be2 e6 8. O-O
Be7 9. a4 cxd4 10. Nxd4 Nxd4 11. cxd4 O-O 12. a5 Qc6 13. Na3 Rfc8 14. f3 Bb4
15. g4 Bg6 16. h4 a6 17. h5 Bc2 18. Nxc2 Qxc2 19. h6 g6 20. Ra4 Be7 21. Kf2 Qb2
22. Qb1 Nxg4+ 23. fxg4 1-0

[Event "LI Festival A"]
[Site "Imperia ITA"]
[Date "2009.09.05"]
[Round "8"]
[White "Ornati, Gianmaria"]
[Black "Mercandelli, Claudio"]
[WhiteElo "1906"]
[BlackElo "1914"]
[Result "0-1"]
[PlyCount "86"]
[EventDate "2009.08.30"]

1. d4 Nf6 2. c4 g6 3. Nc3 Bg7 4. e4 d6 5. Nf3 O-O 6. Be2 e5 7. O-O Nc6 8. d5
Ne7 9. Ne1 Nd7 10. Be3 f5 11. f3 f4 12. Bf2 g5 13. a4 a5 14. Nd3 h5 15. c5 Nf6
16. cxd6 cxd6 17. h3 Ng6 18. Rc1 Rf7 19. Be1 Bf8 20. Nf2 Rg7 21. Nb5 g4 22.
fxg4 hxg4 23. hxg4 Qb6 24. Qc2 Bxg4 25. Bxg4 Nxg4 26. Bd2 Nh4 27. Qd3 Nxf2 28.
Rxf2 Rxg2+ 29. Kh1 Qxf2 30. Qh3 Nf3 31. Qxg2+ Qxg2+ 32. Kxg2 Nxd2 33. Re1 Rc8
34. Kf2 Rc4 35. Nc3 Be7 36. Ke2 Nxe4 37. Kd3 Rd4+ 38. Ke2 Nxc3+ 39. bxc3 Re4+
40. Kd2 Rxe1 41. Kxe1 e4 42. c4 b6 43. Kf2 Kg7 0-1

[Event "LI Festival A"]
[Site "Imperia ITA"]
[Date "2009.09.05"]
[Round "8"]
[White "Parodi, Alessandro"]
[Black "Cavatorta, Fosco"]
[WhiteElo "2093"]
[BlackElo "1941"]
[Result "0-1"]
[PlyCount "80"]
[EventDate "2009.08.30"]

1. d4 d6 2. c4 e5 3. Nf3 e4 4. Ng5 f5 5. d5 Be7 6. Nh3 Nf6 7. b4 Nxd5 8. Qxd5
Bf6 9. Bg5 Bxg5 10. Nxg5 Qxg5 11. Nc3 Qf6 12. Rc1 c6 13. Qd2 O-O 14. h4 Nd7 15.
e3 Ne5 16. Be2 Rd8 17. g4 Be6 18. Qd4 Qf7 19. gxf5 Bxc4 20. Qxe4 Bxe2 21. Nxe2
a5 22. Nf4 Rf8 23. b5 Qxf5 24. Qxf5 Rxf5 25. Ke2 d5 26. bxc6 bxc6 27. Ne6 Rb8
28. Rc2 Nc4 29. Rg1 g6 30. Nd4 Rf6 31. h5 Kg7 32. hxg6 hxg6 33. f4 Re8 34. Rg3
Rxf4 35. Nxc6 Rfe4 36. Rc3 R8e6 37. Na7 Rb6 38. Rg5 Ne5 39. Rc2 d4 40. Rg3 d3+
0-1

[Event "LI Festival A"]
[Site "Imperia ITA"]
[Date "2009.09.05"]
[Round "8"]
[White "Pepino, Enrico"]
[Black "Krouzel, Jaroslav"]
[WhiteElo "2110"]
[BlackElo "2202"]
[Result "1/2-1/2"]
[PlyCount "33"]
[EventDate "2009.08.30"]

1. e4 e6 2. d4 d5 3. Nd2 Nc6 4. Ngf3 Nf6 5. e5 Nd7 6. Bd3 Nb4 7. Be2 c5 8. c3
Nc6 9. Bd3 Be7 10. O-O Qb6 11. a3 cxd4 12. cxd4 Nxd4 13. Nxd4 Qxd4 14. Nf3 Qb6
15. Qa4 f5 16. exf6 Bxf6 17. Qg4 1/2-1/2

[Event "LI Festival A"]
[Site "Imperia ITA"]
[Date "2009.09.05"]
[Round "8"]
[White "Poloch, Petr"]
[Black "Mitura, Vaclav"]
[WhiteElo "2274"]
[BlackElo "2194"]
[Result "1-0"]
[PlyCount "73"]
[EventDate "2009.08.30"]

1. Nf3 Nf6 2. c4 g6 3. Nc3 Bg7 4. g3 d6 5. Bg2 O-O 6. O-O e5 7. d4 Nbd7 8. Qc2
c6 9. Rd1 Re8 10. b3 Qc7 11. e4 a5 12. h3 exd4 13. Nxd4 Nc5 14. Bb2 Bd7 15. a3
Rad8 16. b4 Ne6 17. Nf3 Bc8 18. Na4 axb4 19. axb4 Nd7 20. Bxg7 Nxg7 21. Nd4 Nf8
22. c5 Nfe6 23. Nb3 dxc5 24. bxc5 Ng5 25. h4 N5e6 26. Nb6 Rxd1+ 27. Rxd1 Nf8
28. Nc4 Bg4 29. Ra1 Qb8 30. Rb1 Qc7 31. Nba5 Rb8 32. Qc3 Be2 33. Rb2 Bxc4 34.
Nxc4 Nge6 35. Qe5 Qxe5 36. Nxe5 Nd7 37. Nxd7 1-0

[Event "LI Festival A"]
[Site "Imperia ITA"]
[Date "2009.09.05"]
[Round "8"]
[White "Remille, Tristan"]
[Black "Reznicek, Tomas"]
[WhiteElo "2204"]
[BlackElo "2272"]
[Result "0-1"]
[PlyCount "82"]
[EventDate "2009.08.30"]

1. e4 Nf6 2. e5 Nd5 3. d4 d6 4. Nf3 g6 5. Bc4 Nb6 6. Bb3 Bg7 7. Qe2 Nc6 8. O-O
O-O 9. h3 Na5 10. Rd1 d5 11. Nbd2 Bd7 12. Nf1 Nbc4 13. c3 Nxb3 14. axb3 Nb6 15.
Bf4 a6 16. Qe3 Re8 17. N1h2 Qc8 18. Re1 a5 19. Bh6 Bh8 20. Qf4 a4 21. e6 Bxe6
22. Ng5 Bf5 23. Ngf3 f6 24. Nh4 Bd7 25. Re3 Bg7 26. Rg3 e5 27. Qd2 Kf7 28. dxe5
Rxe5 29. N2f3 Rh5 30. Bxg7 Kxg7 31. Qd3 Bf5 32. Qe3 Be4 33. Qc5 Qd7 34. Re1 Re8
35. bxa4 Nxa4 36. Qd4 c5 37. Qd2 Nb6 38. Rg4 Nc4 39. Qe2 Nd6 40. Qd1 Qc6 41. b4
b6 0-1

[Event "LI Festival A"]
[Site "Imperia ITA"]
[Date "2009.09.05"]
[Round "8"]
[White "Ricci, Marco"]
[Black "Blasco, Domenico"]
[WhiteElo "2128"]
[BlackElo "1984"]
[Result "1-0"]
[PlyCount "65"]
[EventDate "2009.08.30"]

1. e4 g6 2. d4 Bg7 3. Nc3 d6 4. Bc4 Nf6 5. Qe2 O-O 6. Nf3 a6 7. e5 Ne8 8. Bf4
c6 9. O-O-O d5 10. Bd3 Bg4 11. h3 Bxf3 12. Qxf3 Nc7 13. Ne2 b5 14. Qe3 Ne6 15.
Bh6 Qa5 16. Kb1 Nd7 17. h4 c5 18. Bxg7 Nxg7 19. dxc5 Qc7 20. f4 Qxc5 21. Qh3
Rfd8 22. h5 Nf8 23. hxg6 fxg6 24. f5 Qc8 25. g4 Qc6 26. fxg6 hxg6 27. Qh8+ Kf7
28. Rdf1+ Ke6 29. Nd4+ Kd7 30. Nxc6 Kxc6 31. Qxg7 Ne6 32. Qxg6 Kd7 33. Bf5 1-0

[Event "LI Festival A"]
[Site "Imperia ITA"]
[Date "2009.09.05"]
[Round "8"]
[White "Sarno, Spartaco"]
[Black "Vuelban, Virgilio"]
[WhiteElo "2324"]
[BlackElo "2404"]
[Result "1-0"]
[PlyCount "63"]
[EventDate "2009.08.30"]

1. d4 g6 2. c4 Bg7 3. e4 d6 4. Nc3 Nf6 5. f3 O-O 6. Be3 b6 7. Bd3 c5 8. e5 Ne8
9. Be4 Nc7 10. Bxa8 Nxa8 11. exd6 exd6 12. Nge2 Re8 13. Qd2 Ba6 14. O-O Bxc4
15. Rfe1 Nc6 16. Rad1 Qb8 17. b3 Ba6 18. Bh6 Bh8 19. dxc5 dxc5 20. Bf4 Ne5 21.
Nd5 Nc7 22. Nxc7 Qxc7 23. Nc3 Qc6 24. Qd5 Qc7 25. Bg3 Bb7 26. Nb5 Qb8 27. Qd6
Bxf3 28. Qxb8 Rxb8 29. Bxe5 Bxe5 30. gxf3 Bf6 31. Nxa7 Bd4+ 32. Kh1 1-0

[Event "LI Festival A"]
[Site "Imperia ITA"]
[Date "2009.09.05"]
[Round "8"]
[White "Stoppa, Omar"]
[Black "Miturova, Magdalena"]
[WhiteElo "2261"]
[BlackElo "1971"]
[Result "1-0"]
[PlyCount "87"]
[EventDate "2009.08.30"]

1. e4 e5 2. Nf3 Nc6 3. Bc4 Nf6 4. O-O Be7 5. Re1 d6 6. c3 O-O 7. d3 Na5 8. Bb5
a6 9. Ba4 b5 10. Bc2 c5 11. Nbd2 Nc6 12. Nf1 Qc7 13. Bg5 h6 14. Bh4 Nh5 15. Ne3
Nf4 16. Bg3 Be6 17. Bxf4 exf4 18. Nd5 Bxd5 19. exd5 Ne5 20. d4 cxd4 21. Nxd4
Bf6 22. Qh5 Qd8 23. Qf5 Ng6 24. Nc6 Qc8 25. Qxc8 Raxc8 26. Bxg6 fxg6 27. Re6
Rfe8 28. Rae1 Kf8 29. Rxe8+ Rxe8 30. Rxe8+ Kxe8 31. f3 Bd8 32. Kf1 Bb6 33. Ke2
Kf7 34. Kd3 Kf6 35. Ke4 g5 36. Nb8 Bg1 37. Nxa6 Bxh2 38. Nc7 g4 39. fxg4 Kg5
40. Kf3 h5 41. gxh5 Kxh5 42. Nxb5 g5 43. g4+ fxg3 44. Kg2 1-0

[Event "LI Festival A"]
[Site "Imperia ITA"]
[Date "2009.09.05"]
[Round "8"]
[White "Tomassoni, Leonardo"]
[Black "Morselli, Stefano"]
[WhiteElo "1951"]
[BlackElo "1921"]
[Result "1-0"]
[PlyCount "109"]
[EventDate "2009.08.30"]

1. e4 g6 2. d4 Bg7 3. f4 d6 4. Nf3 Nf6 5. Bd3 c5 6. c3 O-O 7. e5 Ne8 8. Be3
cxd4 9. cxd4 Nc6 10. a3 Bg4 11. d5 Qa5+ 12. Nc3 Nxe5 13. fxe5 Bxe5 14. O-O Nf6
15. Be2 Bxc3 16. bxc3 Nxd5 17. Bd2 Nxc3 18. Qe1 Qc5+ 19. Kh1 Nxe2 20. Qxe2 Rfe8
21. Bb4 Qh5 22. Rac1 e5 23. Qe4 Rad8 24. Qxb7 Rd7 25. Rc7 Rxc7 26. Qxc7 Rc8 27.
Qb7 Be6 28. Bxd6 Qf5 29. Bxe5 Bc4 30. Rc1 Qe6 31. Nd4 Qe8 32. Nf3 Rc6 33. h3
Bd5 34. Rxc6 Bxc6 35. Qb8 Kf8 36. Bd6+ Kg7 37. Qxe8 Bxe8 38. Nd4 Kf6 39. Kg1
Kg5 40. Kf2 Bd7 41. Ke3 f5 42. Be7+ Kh5 43. Kf4 h6 44. Ke5 Bc8 45. Ne6 Bxe6 46.
Kxe6 f4 47. a4 g5 48. Bf6 Kg6 49. a5 a6 50. Ke5 h5 51. Be7 h4 52. Bd8 Kh5 53.
Kf5 Kh6 54. Bxg5+ Kh5 55. Kxf4 1-0

[Event "LI Festival A"]
[Site "Imperia ITA"]
[Date "2009.09.05"]
[Round "8"]
[White "Van Hoolandt, Patrick"]
[Black "Schaefer, Michael"]
[WhiteElo "2233"]
[BlackElo "2157"]
[Result "0-1"]
[PlyCount "48"]
[EventDate "2009.08.30"]

1. d4 d5 2. c4 c6 3. cxd5 cxd5 4. Nf3 Nf6 5. Nc3 Nc6 6. Bf4 Ne4 7. e3 Nxc3 8.
bxc3 g6 9. Ne5 Bg7 10. Qa4 O-O 11. Nxc6 bxc6 12. Qxc6 e5 13. Qxa8 exf4 14. Qxa7
fxe3 15. f3 Qg5 16. Qc7 e2 17. Bxe2 Qxg2 18. Rf1 Re8 19. O-O-O Bh6+ 20. f4 Bf5
21. Rd2 Rxe2 22. Qb8+ Bf8 23. Rfd1 Qe4 24. Rd3 Rxa2 0-1

[Event "LI Festival A"]
[Site "Imperia ITA"]
[Date "2009.09.06"]
[Round "9"]
[White "Barletta, Mauro"]
[Black "Brunner, Werner"]
[WhiteElo "2191"]
[BlackElo "2178"]
[Result "1-0"]
[PlyCount "55"]
[EventDate "2009.08.30"]

1. e4 d5 2. exd5 Qxd5 3. Nc3 Qa5 4. b4 Qxb4 5. a4 c6 6. Nf3 Nf6 7. Ba3 Qa5 8.
Rb1 Nbd7 9. Bc4 Nb6 10. Qe2 Nxc4 11. Qxc4 e6 12. Bxf8 Rxf8 13. O-O Nd5 14. Ne4
Qc7 15. Qd4 f5 16. Neg5 h6 17. Nh3 g5 18. c4 c5 19. Qb2 Nb4 20. Ne5 b6 21. Rfe1
Bb7 22. Ng6 Qc6 23. f3 Rg8 24. Qf6 Rxg6 25. Qxg6+ Ke7 26. Qxh6 Nd3 27. Qxg5+
Kd7 28. Re3 1-0

[Event "LI Festival A"]
[Site "Imperia ITA"]
[Date "2009.09.06"]
[Round "9"]
[White "Borsos, Bogdan"]
[Black "Mozny, Milos"]
[WhiteElo "2289"]
[BlackElo "2370"]
[Result "1/2-1/2"]
[PlyCount "27"]
[EventDate "2009.08.30"]

1. Nf3 d5 2. c4 e6 3. g3 c5 4. d4 Nc6 5. Bg2 Nf6 6. O-O Be7 7. cxd5 exd5 8. Nc3
c4 9. Bg5 O-O 10. Ne5 Be6 11. f4 Nxe5 12. fxe5 Ng4 13. Bxe7 Qxe7 14. Qc2
1/2-1/2

[Event "LI Festival A"]
[Site "Imperia ITA"]
[Date "2009.09.06"]
[Round "9"]
[White "Cavatorta, Fosco"]
[Black "Mitura, Karel"]
[WhiteElo "1941"]
[BlackElo "2017"]
[Result "0-1"]
[PlyCount "38"]
[EventDate "2009.08.30"]

1. d4 Nf6 2. Nf3 g6 3. Nc3 d5 4. Bf4 Bg7 5. Qd2 Bf5 6. h3 O-O 7. g4 Be4 8. Nxe4
Nxe4 9. Qb4 Nc6 10. Qa4 b5 11. Qb3 Nxd4 12. Nxd4 Bxd4 13. e3 Bg7 14. f3 e5 15.
fxe4 Qh4+ 16. Bg3 Qxg3+ 17. Ke2 dxe4 18. Qd5 Qf3+ 19. Ke1 Qxh1 0-1

[Event "LI Festival A"]
[Site "Imperia ITA"]
[Date "2009.09.06"]
[Round "9"]
[White "Chatalbashev, Boris"]
[Black "Arlandi, Ennio"]
[WhiteElo "2548"]
[BlackElo "2426"]
[Result "1/2-1/2"]
[PlyCount "143"]
[EventDate "2009.08.30"]

1. c4 Nf6 2. Nf3 g6 3. Nc3 d5 4. cxd5 Nxd5 5. Qa4+ Bd7 6. Qh4 Bc6 7. Qd4 f6 8.
e4 Nxc3 9. dxc3 Qxd4 10. Nxd4 Bd7 11. Nb5 Kd8 12. e5 fxe5 13. Be3 Nc6 14. O-O-O
Kc8 15. Be2 Be6 16. Kb1 Bg7 17. g4 a6 18. Na3 Nd8 19. h4 Nf7 20. h5 g5 21. Bc4
Bxc4 22. Nxc4 h6 23. Nd2 b6 24. c4 Kb7 25. c5 b5 26. Nb3 Rhd8 27. c6+ Kc8 28.
Rd7 Rxd7 29. cxd7+ Kxd7 30. Nc5+ Kc8 31. Ne6 Bf6 32. Rc1 Kd7 33. Nxc7 Rc8 34.
Nxa6 Rxc1+ 35. Kxc1 Kd6 36. b3 e4 37. Nc5 Kd5 38. a4 bxa4 39. bxa4 Bd4 40. Bxd4
Kxd4 41. Nd7 e3 42. fxe3+ Kxe3 43. a5 Nd6 44. a6 Nb5 45. Kc2 Kf4 46. Kd3 Kxg4
47. Kc4 Nc7 48. a7 Kf5 49. Kc5 g4 50. Kc6 Na8 51. Nb6 g3 52. Nxa8 g2 53. Nc7
g1=Q 54. a8=Q Qh1+ 55. Nd5 e6 56. Qf8+ Kg5 57. Qf6+ Kxh5 58. Qxe6 Qc1+ 59. Kd7
Qd2 60. Qe4 Kg5 61. Ke6 h5 62. Ne3 Qa2+ 63. Nc4 Qa6+ 64. Nd6 Qa2+ 65. Ke7 Qa7+
66. Kd8 Qb8+ 67. Nc8 h4 68. Qd5+ Kg4 69. Kd7 h3 70. Nd6 Qa7+ 71. Ke6 Qe3+ 72.
Kd7 1/2-1/2

[Event "LI Festival A"]
[Site "Imperia ITA"]
[Date "2009.09.06"]
[Round "9"]
[White "Cugini, Verter"]
[Black "Remille, Tristan"]
[WhiteElo "2149"]
[BlackElo "2204"]
[Result "0-1"]
[PlyCount "78"]
[EventDate "2009.08.30"]

1. e4 c5 2. g3 d5 3. exd5 Qxd5 4. Nf3 Qe4+ 5. Be2 a6 6. Nc3 Qc6 7. a4 Bh3 8.
Bf1 Bxf1 9. Rxf1 Qe6+ 10. Qe2 Qxe2+ 11. Nxe2 Nc6 12. b3 Nb4 13. Kd1 e6 14. Ba3
Nc6 15. c3 Nf6 16. Kc2 Rc8 17. Kb2 b5 18. axb5 axb5 19. Kc2 Nb4+ 20. Bxb4 cxb4
21. Nfd4 bxc3 22. dxc3 b4 23. c4 Bc5 24. f3 O-O 25. Nb5 e5 26. Nc1 Nd5 27. Re1
Ne3+ 28. Kb1 Rfd8 29. Ra2 f5 30. f4 e4 31. Rae2 Nd1 32. Kc2 Nf2 33. Rd2 Rxd2+
34. Kxd2 Rd8+ 35. Ke2 e3 36. Kf3 Rd2 37. Re2 Rd1 38. Rc2 Rd2 39. Ra2 Ng4 0-1

[Event "LI Festival A"]
[Site "Imperia ITA"]
[Date "2009.09.06"]
[Round "9"]
[White "Faraci, Antonino"]
[Black "Tomassoni, Leonardo"]
[WhiteElo "2009"]
[BlackElo "1951"]
[Result "1/2-1/2"]
[PlyCount "49"]
[EventDate "2009.08.30"]

1. e4 c5 2. Nf3 d6 3. h3 Nf6 4. c3 e6 5. Bd3 Qc7 6. Bc2 Be7 7. O-O Nc6 8. d4
cxd4 9. cxd4 e5 10. Nc3 Nb4 11. Bb3 O-O 12. Bg5 Be6 13. Bxe6 fxe6 14. Qb3 d5
15. Bxf6 Rxf6 16. dxe5 Rxf3 17. gxf3 Qxe5 18. Ne2 Qg5+ 19. Kh2 Bd6+ 20. f4
Bxf4+ 21. Nxf4 Qxf4+ 22. Qg3 Qxe4 23. Rg1 Qd4 24. Qa3 Nc6 25. Rae1 1/2-1/2

[Event "LI Festival A"]
[Site "Imperia ITA"]
[Date "2009.09.06"]
[Round "9"]
[White "Fattorelli, Luciano"]
[Black "Blasco, Domenico"]
[WhiteElo "2030"]
[BlackElo "1984"]
[Result "1-0"]
[PlyCount "57"]
[EventDate "2009.08.30"]

1. Nf3 g6 2. c4 c5 3. d4 Bg7 4. e4 cxd4 5. Nxd4 Qb6 6. Nb3 Nc6 7. Be3 Qd8 8.
Nc3 Nf6 9. Be2 O-O 10. Qd2 d6 11. h4 Ng4 12. Bxg4 Bxg4 13. f3 Be6 14. Nd5 Ne5
15. Rc1 h5 16. Nd4 Bxd5 17. cxd5 Rc8 18. Rxc8 Qxc8 19. b3 Qd7 20. O-O Rc8 21.
Rc1 Bf6 22. Bg5 Rxc1+ 23. Qxc1 Nd3 24. Qe3 Bxg5 25. hxg5 Ne5 26. Qc3 Qd8 27. b4
Kf8 28. f4 Ng4 29. Ne6+ 1-0

[Event "LI Festival A"]
[Site "Imperia ITA"]
[Date "2009.09.06"]
[Round "9"]
[White "Gras, Guillaume"]
[Black "Stoppa, Omar"]
[WhiteElo "2053"]
[BlackElo "2261"]
[Result "0-1"]
[PlyCount "26"]
[EventDate "2009.08.30"]

1. e4 e6 2. b3 d5 3. Bb2 dxe4 4. Nc3 Nf6 5. Qe2 Be7 6. f3 Nc6 7. fxe4 e5 8. Nf3
Bg4 9. O-O-O Nd4 10. Qd3 Nxf3 11. gxf3 Qxd3 12. Bxd3 Bxf3 13. Nb5 Bd6 0-1

[Event "LI Festival A"]
[Site "Imperia ITA"]
[Date "2009.09.06"]
[Round "9"]
[White "Holecek, Vladimir"]
[Black "Friedrich, Norbert"]
[WhiteElo "2073"]
[BlackElo "2350"]
[Result "0-1"]
[PlyCount "68"]
[EventDate "2009.08.30"]

1. e4 c5 2. Nf3 e6 3. d4 cxd4 4. Nxd4 a6 5. Nc3 Qc7 6. f4 b5 7. Be3 Bb7 8. a3
d6 9. Be2 Nf6 10. Bf3 Nbd7 11. Qe2 Be7 12. O-O h5 13. Nb3 Rc8 14. Rac1 Ba8 15.
g3 g6 16. Rfe1 Qb8 17. Rcd1 Rc4 18. Nd2 Rc8 19. Nb3 O-O 20. h4 Rxc3 21. bxc3
Nxe4 22. Qg2 Nxc3 23. Rd3 Bxf3 24. Qxf3 Na4 25. Bd4 Nf6 26. Bxf6 Bxf6 27. Re2
Rc8 28. g4 Qb6+ 29. Kh2 Nc5 30. Nxc5 hxg4 31. Qe3 Rxc5 32. Rg2 Bxh4 33. c3 Bd8
34. Rxg4 Rh5+ 0-1

[Event "LI Festival A"]
[Site "Imperia ITA"]
[Date "2009.09.06"]
[Round "9"]
[White "Krouzel, Jaroslav"]
[Black "Ricci, Marco"]
[WhiteElo "2202"]
[BlackElo "2128"]
[Result "1-0"]
[PlyCount "55"]
[EventDate "2009.08.30"]

1. d4 Nf6 2. c4 g6 3. Nc3 Bg7 4. e4 d6 5. Be2 O-O 6. Bg5 c5 7. d5 h6 8. Bf4 Qa5
9. Qd2 Kh7 10. Nf3 Nh5 11. Be3 e5 12. dxe6 Bxe6 13. O-O Rd8 14. h3 Nc6 15. Rac1
Nf6 16. b3 a6 17. Nh4 Ne8 18. f4 Bf6 19. f5 Bd7 20. Bxh6 Bxh4 21. fxg6+ Kxg6
22. Qf4 Bf6 23. Nd5 Bd4+ 24. Kh1 f6 25. Qh4 Kf7 26. Bh5+ Kg8 27. Qg3+ Kh7 28.
Bxe8 1-0

[Event "LI Festival A"]
[Site "Imperia ITA"]
[Date "2009.09.06"]
[Round "9"]
[White "Lacrosse, Marc"]
[Black "Jurek, Josef"]
[WhiteElo "2184"]
[BlackElo "2353"]
[Result "1-0"]
[PlyCount "73"]
[EventDate "2009.08.30"]

1. d4 e6 2. c4 b6 3. a3 Ba6 4. e4 d5 5. cxd5 Bxf1 6. Kxf1 exd5 7. Qe2 Be7 8.
Nc3 dxe4 9. Bg5 h6 10. Qxe4 c6 11. Bxe7 Nxe7 12. Re1 Nd7 13. Qxc6 O-O 14. Qd6
Re8 15. Nf3 Rc8 16. h3 Rc6 17. Qf4 Nf8 18. Kg1 Rf6 19. Qd2 Ne6 20. Re4 Qd6 21.
d5 Nc5 22. Re3 Qd8 23. Kh2 Qc7+ 24. g3 Rd8 25. Rhe1 Nf5 26. Re8+ Rxe8 27. Rxe8+
Kh7 28. Qc2 Nb7 29. Qd3 Qd7 30. Re5 Nc5 31. Qc2 Kg8 32. Ne4 Nxe4 33. Qxe4 Nd6
34. Qe2 g6 35. Kg2 Qa4 36. Nd2 Qc2 37. Ne4 1-0

[Event "LI Festival A"]
[Site "Imperia ITA"]
[Date "2009.09.06"]
[Round "9"]
[White "Mela, Riccardo"]
[Black "Di Lascio, Savino"]
[WhiteElo "2029"]
[BlackElo "2012"]
[Result "1-0"]
[PlyCount "75"]
[EventDate "2009.08.30"]

1. e4 c6 2. d4 d5 3. Nc3 dxe4 4. Nxe4 Nf6 5. Ng5 h6 6. N5f3 Bf5 7. Bd3 Nbd7 8.
Ne2 e6 9. Bf4 Bg4 10. Ne5 Nxe5 11. Bxe5 Nd7 12. Bg3 Qa5+ 13. Qd2 Qxd2+ 14. Kxd2
O-O-O 15. f3 Bf5 16. Bxf5 exf5 17. Rad1 g5 18. c3 f4 19. Bf2 Nb6 20. h4 Bg7 21.
hxg5 hxg5 22. Kc2 Nc4 23. b4 Rxh1 24. Rxh1 Re8 25. Nc1 Na3+ 26. Kd2 c5 27. Rh7
Bh8 28. Rxf7 cxd4 29. cxd4 Nb5 30. Ne2 Nd6 31. Rh7 Nf5 32. Rf7 Nd6 33. Rh7 Nf5
34. Kd3 Bg7 35. g4 fxg3 36. Nxg3 Bxd4 37. Nxf5 Bxf2 38. Nd6+ 1-0

[Event "LI Festival A"]
[Site "Imperia ITA"]
[Date "2009.09.06"]
[Round "9"]
[White "Mercandelli, Claudio"]
[Black "Parodi, Alessandro"]
[WhiteElo "1914"]
[BlackElo "2093"]
[Result "0-1"]
[PlyCount "132"]
[EventDate "2009.08.30"]

1. Nf3 d6 2. d4 g6 3. c4 Bg7 4. Nc3 Nf6 5. e4 O-O 6. Be2 c5 7. dxc5 dxc5 8.
Qxd8 Rxd8 9. Be3 b6 10. h3 Bb7 11. e5 Nfd7 12. O-O-O Nc6 13. e6 fxe6 14. Nb5
Nf8 15. Ng5 h6 16. Nc7 hxg5 17. Nxa8 Rxd1+ 18. Rxd1 Bxa8 19. Bf3 Bf6 20. a3 Bb7
21. b4 Bd4 22. Bxd4 cxd4 23. b5 Na5 24. Bxb7 Nxb7 25. Rxd4 Kf7 26. Kc2 Kf6 27.
h4 Ke5 28. Kc3 gxh4 29. Rxh4 Nd7 30. Rh8 Nbc5 31. f3 a5 32. bxa6 Nxa6 33. Re8
Kf6 34. Rd8 Nac5 35. Kb4 e5 36. a4 Ke6 37. Rg8 Kf5 38. Rg7 Kf6 39. Rg8 e4 40.
fxe4 Nxe4 41. Kb5 Nec5 42. Kc6 e5 43. Re8 e4 44. Kd6 Kf5 45. Re7 Kf4 46. Kd5
Nf6+ 47. Kd4 Nxa4 48. Re6 Nd7 49. Rxg6 Nac5 50. Rg8 Ne6+ 51. Kc3 Ke3 52. g4 Nf4
53. Rd8 Ne5 54. Rd6 Ne2+ 55. Kc2 Nxc4 56. Rd5 Nf4 57. Rd8 Ke2 58. Rc8 Ne3+ 59.
Kc3 Nxg4 60. Kd4 Nf6 61. Rc6 N4d5 62. Rc2+ Kf3 63. Rb2 e3 64. Kd3 Nf4+ 65. Kd4
N6d5 66. Rb3 Kf2 0-1

[Event "LI Festival A"]
[Site "Imperia ITA"]
[Date "2009.09.06"]
[Round "9"]
[White "Meyer, Peter"]
[Black "Astengo, Marcello"]
[WhiteElo "2051"]
[BlackElo "2117"]
[Result "1/2-1/2"]
[PlyCount "23"]
[EventDate "2009.08.30"]

1. d4 d5 2. c4 c6 3. Nf3 e6 4. e3 Nf6 5. Nbd2 Be7 6. Bd3 O-O 7. O-O Nbd7 8. b3
b6 9. Ne5 Nxe5 10. dxe5 Nd7 11. Bb2 Bb7 12. cxd5 1/2-1/2

[Event "LI Festival A"]
[Site "Imperia ITA"]
[Date "2009.09.06"]
[Round "9"]
[White "Mitura, Vaclav"]
[Black "Pepino, Enrico"]
[WhiteElo "2194"]
[BlackElo "2110"]
[Result "1/2-1/2"]
[PlyCount "39"]
[EventDate "2009.08.30"]

1. d4 Nf6 2. c4 g6 3. Nc3 Bg7 4. e4 d6 5. f3 O-O 6. Bg5 c5 7. d5 e6 8. Qd2 exd5
9. cxd5 a6 10. a4 Nbd7 11. Nh3 Qa5 12. Nd1 Qxd2+ 13. Kxd2 Ne5 14. Nhf2 Bd7 15.
Ne3 h6 16. Bxf6 Bxf6 17. f4 Bh4 18. Ke2 Bxf2 19. Kxf2 Ng4+ 20. Nxg4 1/2-1/2

[Event "LI Festival A"]
[Site "Imperia ITA"]
[Date "2009.09.06"]
[Round "9"]
[White "Miturova, Magdalena"]
[Black "Singeisen, Hermann"]
[WhiteElo "1971"]
[BlackElo "2116"]
[Result "1-0"]
[PlyCount "43"]
[EventDate "2009.08.30"]

1. e4 c5 2. Nf3 d6 3. d4 cxd4 4. Nxd4 Nf6 5. Nc3 Nc6 6. Bc4 e6 7. Bb3 Be7 8.
Be3 O-O 9. Qe2 a6 10. O-O-O Qc7 11. Rhg1 Na5 12. g4 Nxb3+ 13. axb3 Rd8 14. g5
Ne8 15. Nf5 Bf8 16. Nh6+ Kh8 17. Bd4 b5 18. Qh5 Rd7 19. Nxf7+ Rxf7 20. g6 Nf6
21. Bxf6 gxf6 22. gxf7 1-0

[Event "LI Festival A"]
[Site "Imperia ITA"]
[Date "2009.09.06"]
[Round "9"]
[White "Moroder, Stefan"]
[Black "Del Dotto, Riccardo"]
[WhiteElo "2062"]
[BlackElo "2175"]
[Result "1/2-1/2"]
[PlyCount "22"]
[EventDate "2009.08.30"]

1. c4 e5 2. Nc3 Nc6 3. g3 Nf6 4. Bg2 Bc5 5. e3 d5 6. Nxd5 Nxd5 7. cxd5 Nb4 8.
Qb3 c6 9. Ne2 Nxd5 10. O-O O-O 11. d4 exd4 1/2-1/2

[Event "LI Festival A"]
[Site "Imperia ITA"]
[Date "2009.09.06"]
[Round "9"]
[White "Morselli, Stefano"]
[Black "Cornaggia, Ranieri"]
[WhiteElo "1921"]
[BlackElo "1933"]
[Result "1-0"]
[PlyCount "75"]
[EventDate "2009.08.30"]

1. g3 d5 2. Bg2 Nf6 3. Nf3 c5 4. d3 Nc6 5. O-O g6 6. Nbd2 Bg7 7. Re1 O-O 8. e4
e6 9. c3 b6 10. e5 Nd7 11. d4 Qc7 12. Nf1 Ba6 13. Bf4 Rac8 14. Ne3 Qb7 15. Qd2
cxd4 16. cxd4 Na5 17. b3 Rc6 18. Ng4 Rfc8 19. Bh6 Bh8 20. Bg5 Qc7 21. Qf4 f5
22. exf6 Qxf4 23. gxf4 Nb7 24. Nfe5 Nxe5 25. Nxe5 R6c7 26. Ng4 Rc6 27. Rxe6
Rxe6 28. Bxd5 Nd8 29. Re1 Bb7 30. Rxe6 Rc1+ 31. Re1+ Bxd5 32. Rxc1 Nc6 33. Ne5
Nxe5 34. fxe5 Be6 35. Rc7 a5 36. Bh6 g5 37. f7+ Bxf7 38. Rc8+ 1-0